UITU Library & LRC     

Measurement and Evaluation in Teaching (Record no. 2539)

MARC details
000 -LEADER
fixed length control field 00500nam a2200181Ia 4500
008 - FIXED-LENGTH DATA ELEMENTS--GENERAL INFORMATION
fixed length control field 240925s9999 xx 000 0 und d
020 ## - INTERNATIONAL STANDARD BOOK NUMBER
International Standard Book Number 23481110
082 ## - DEWEY DECIMAL CLASSIFICATION NUMBER
Classification number 371.26 GRO
100 ## - MAIN ENTRY--PERSONAL NAME
Personal name Gronlund ,Norman E.; Linn ,Robert L.
245 #0 - TITLE STATEMENT
Title Measurement and Evaluation in Teaching
250 ## - EDITION STATEMENT
Edition statement 6th
260 ## - PUBLICATION, DISTRIBUTION, ETC.
Place of publication, distribution, etc. New York:
Name of publisher, distributor, etc. Macmillian Publishing Co
Date of publication, distribution, etc. ,1990.
300 ## - PHYSICAL DESCRIPTION
Extent xiv,530p.
Other physical details NA
Type of unit Original
500 ## - GENERAL NOTE
General note Includes Index
600 ## - SUBJECT ADDED ENTRY--PERSONAL NAME
Personal name Social Sciences
650 ## - SUBJECT ADDED ENTRY--TOPICAL TERM
Topical term or geographic name entry element Social Sciences
942 ## - ADDED ENTRY ELEMENTS (KOHA)
Koha item type Books
Holdings
Withdrawn status Lost status Damaged status Not for loan Collection Home library Current library Date acquired Source of acquisition Cost, normal purchase price Total checkouts Full call number Barcode Date last seen Price effective from Koha item type
        Social Sciences UITU Library UITU Library 02/09/1995 Paramount Book Pvt Ltd 442.44   371.26 GRO Q0040 09/25/2024 09/25/2024 Books

Powered by Koha